000 00271nam a2200121Ia 4500
008 190216s9999||||xx |||||||||||||| ||und||
100 _aKumara Pillai G
245 0 _aKavitha
260 _bNational Book Stall
_c1978
300 _a67p
650 _aKavithkal
942 _cBK
999 _c24740
_d24740